[Event "Ruhrgebiet Verbandsliga Gruppe 1 1718"]
[Site "Germany"]
[Date "2017.12.03"]
[Round "4.7"]
[White "Dekhtyaryuk, Dimitri"]
[Black "Al Ali, Mohammad"]
[Result "1/2-1/2"]
[WhiteElo "1858"]
[BlackElo "1794"]
[PlyCount "146"]
[EventDate "2017.09.17"]
[EventType "team-tourn"]
[EventRounds "9"]
[EventCountry "GER"]
[SourceTitle "EXT 2022"]
[Source "ChessBase"]
[SourceDate "2021.10.06"]
[SourceVersion "1"]
[SourceVersionDate "2021.10.06"]
[SourceQuality "1"]
[WhiteTeam "Eichlinghofen SV"]
[BlackTeam "Annen Sport Union"]
[WhiteTeamCountry "GER"]
[BlackTeamCountry "GER"]

1. d4 g6 2. Nf3 Bg7 3. Bf4 f5 4. e3 d6 5. Bc4 Nf6 6. c3 Bd7 7. 0-0 e6 8. Qb3 Qc8 9. Ng5 d5 10. Bd3 0-0 11. Nd2 Ne4 12. Ngxe4 fxe4 13. Be2 Nc6 14. c4 Nxd4 15. exd4 Rxf4 16. cxd5 exd5 17. Qxd5+ Be6 18. Qg5 Qf8 19. g3 Rf5 20. Qe3 Bh6 21. f4 Bd5 22. Nxe4 Re8 23. Bf3 Bxf4 24. gxf4 Rxf4 25. Nf6+ Rxf6 26. Bxd5+ Kg7 27. Rxf6 Qxf6 28. Qxe8 Qxd4+ 29. Kf1 Qxd5 30. Qe7+ Kg8 31. Qe1 Qh1+ 32. Ke2 Qxh2+ 33. Qf2 Qe5+ 34. Kf1 Qb5+ 35. Kg1 Qg5+ 36. Qg2 Qc5+ 37. Kf1 Qb5+ 38. Qe2 Qf5+ 39. Ke1 Qa5+ 40. Kd1 Qd5+ 41. Kc2 Qc5+ 42. Kb3 Qb6+ 43. Kc3 Qf6+ 44. Kd3 Qa6+ 45. Kd2 Qa5+ 46. Kc2 Qc5+ 47. Kb3 Qb6+ 48. Ka4 Qd4+ 49. Ka3 Qc5+ 50. Kb3 Qb6+ 51. Kc3 Qf6+ 52. Kc2 Qc6+ 53. Kd2 Qd5+ 54. Qd3 Qa5+ 55. Kc2 Qc5+ 56. Qc3 Qf5+ 57. Kb3 Qb5+ 58. Qb4 Qd3+ 59. Ka4 Qa6+ 60. Kb3 Qd3+ 61. Qc3 Qb5+ 62. Ka3 Qa6+ 63. Kb3 Qb5+ 64. Kc2 Qe2+ 65. Qd2 Qc4+ 66. Kd1 Qf1+ 67. Qe1 Qd3+ 68. Kc1 Qc4+ 69. Kd2 Qb4+ 70. Kc2 Qc4+ 71. Qc3 Qe2+ 72. Kb3 Qb5+ 73. Qb4 Qd3+ 1/2-1/2

[Event "Ruhrgebiet Verbandsklasse Gruppe 2 1516"]
[Site "Germany"]
[Date "2016.02.21"]
[Round "7.7"]
[White "Volling, Andreas"]
[Black "Dekhtyaryuk, Dimitri"]
[Result "1-0"]
[WhiteElo "1843"]
[BlackElo "1869"]
[PlyCount "101"]
[EventDate "2015.09.06"]
[EventType "team-tourn"]
[EventRounds "9"]
[EventCountry "GER"]
[SourceTitle "EXT 2022"]
[Source "ChessBase"]
[SourceDate "2021.10.06"]
[SourceVersion "1"]
[SourceVersionDate "2021.10.06"]
[SourceQuality "1"]
[WhiteTeam "Boenen SV"]
[BlackTeam "Eichlinghofen SV"]
[WhiteTeamCountry "GER"]
[BlackTeamCountry "GER"]

1. d4 Nf6 2. c4 c5 3. d5 b5 4. Nd2 d6 5. e4 bxc4 6. Bxc4 g6 7. b3 Bg7 8. Bb2 0-0 9. Ne2 Nbd7 10. Qc2 Nb6 11. Bd3 a5 12. a4 Ba6 13. Bxa6 Rxa6 14. Nc3 Qc8 15. Nb5 Qg4 16. 0-0 Rc8 17. h3 Qd7 18. Qd3 Raa8 19. Rfd1 Rd8 20. Rac1 e6 21. Nc4 Nxc4 22. Bxf6 Ne5 23. Bxe5 Bxe5 24. Qe3 Qe7 25. Qf3 Rf8 26. g3 f5 27. dxe6 fxe4 28. Qxe4 g5 29. Rd2 Rad8 30. Qd5 h5 31. Kg2 Kh8 32. Rcd1 Rf6 33. Qxe5 dxe5 34. Rxd8+ Rf8 35. R1d7 Qxd8 36. Rxd8 Rxd8 37. Nc7 Kg8 38. e7 Rc8 39. e8Q+ Rxe8 40. Nxe8 Kf7 41. Nd6+ Ke6 42. Ne4 Kd5 43. Nxg5 Kd4 44. Kf3 Kc3 45. Ne4+ Kb4 46. g4 Kxb3 47. Nxc5+ Kb4 48. Nb7 hxg4+ 49. hxg4 Kxa4 50. g5 Kb5 51. Nxa5 1-0

[Event "Ruhrgebiet Verbandsklasse Gruppe 3 1415"]
[Site "Germany"]
[Date "2014.10.19"]
[Round "2.6"]
[White "Volling, Andreas"]
[Black "Dekhtyaryuk, Dimitri"]
[Result "0-1"]
[WhiteElo "1885"]
[BlackElo "1856"]
[PlyCount "128"]
[EventDate "2014.09.21"]
[EventType "team-tourn"]
[EventRounds "9"]
[EventCountry "GER"]
[SourceTitle "EXT 2022"]
[Source "ChessBase"]
[SourceDate "2021.10.06"]
[SourceVersion "1"]
[SourceVersionDate "2021.10.06"]
[SourceQuality "1"]
[WhiteTeam "Boenen SV"]
[BlackTeam "Eichlinghofen SV"]
[WhiteTeamCountry "GER"]
[BlackTeamCountry "GER"]

1. d4 Nf6 2. c4 c5 3. d5 b5 4. Nd2 d6 5. e4 bxc4 6. Bxc4 g6 7. Ne2 Bg7 8. Nc3 0-0 9. 0-0 Nbd7 10. f4 Nb6 11. Be2 Bb7 12. Bf3 Rc8 13. Re1 c4 14. Rb1 Qc7 15. Kh1 Nfd7 16. Nf1 Nc5 17. Qe2 Nd3 18. Rd1 Ba6 19. Be3 Rb8 20. Qc2 Nd7 21. Ng3 Rb7 22. Nge2 N7c5 23. g3 Rfb8 24. b3 cxb3 25. axb3 Rxb3 26. Rxb3 Rxb3 27. Na4 Nb4 28. Qc1 Rxe3 29. Qxe3 Nxa4 30. Qa3 Qa5 31. e5 Bxe2 32. Bxe2 dxe5 33. Rb1 Qxd5+ 34. Bf3 Qd3 35. Qxd3 Nxd3 36. Rb8+ Bf8 37. fxe5 Nxe5 38. Bd1 Nc3 39. Bc2 e6 40. Ra8 Kg7 41. Rxa7 Kf6 42. h3 Nd5 43. Be4 Ne3 44. Ra8 Bd6 45. Rc8 N5c4 46. Bd3 Nb2 47. Be2 Bxg3 48. Rc3 Bf4 49. Rb3 Nbd1 50. Kg1 e5 51. Rd3 Nb2 52. Rb3 Nbc4 53. Rc3 Nd2 54. Rc6+ Ke7 55. Kf2 Ne4+ 56. Kg1 Ng5 57. h4 Ne4 58. Bd3 Nd6 59. Kf2 h5 60. Bb1 Nef5 61. Kg2 Nxh4+ 62. Kh3 Nf3 63. Bd3 e4 64. Bf1 e3 0-1

[Event "Dortmund3"]
[Site "Dortmund"]
[Date "2002.05.15"]
[Round "7"]
[White "Zillich, Raimar"]
[Black "Dekhtyaryuk, Dimitri"]
[Result "0-1"]
[WhiteElo "1630"]
[BlackElo "1719"]
[PlyCount "116"]
[EventDate "2002.04.12"]
[EventType "tourn"]
[EventRounds "11"]
[EventCountry "GER"]
[SourceTitle "EXT 2007"]
[Source "ChessBase"]
[SourceDate "2006.11.23"]
[SourceVersion "1"]
[SourceVersionDate "2006.11.23"]
[SourceQuality "1"]

1. e4 c5 2. Nf3 d6 3. d4 cxd4 4. Nxd4 Nf6 5. Nc3 g6 6. Be3 Bg7 7. f3 0-0 8. Qd2 Nc6 9. 0-0-0 Bd7 10. g4 a6 11. h4 h5 12. Kb1 Rc8 13. Be2 Ne5 14. g5 Nh7 15. f4 Nc4 16. Bxc4 Rxc4 17. Nb3 Bxc3 18. bxc3 Rxe4 19. Rde1 Bc6 20. Rhf1 a5 21. Qf2 a4 22. Bb6 Rxe1+ 23. Rxe1 Qd7 24. Nd4 Bd5 25. Ka1 a3 26. Qe2 Qc8 27. Ba5 Re8 28. Bb4 Bc4 29. Qe4 d5 30. Qe3 b5 31. Qf2 e6 32. Qe3 Nf8 33. f5 e5 34. f6 e4 35. Rg1 Ne6 36. Be7 Nxd4 37. Qxd4 Qh3 38. Bd6 e3 39. Re1 e2 40. Be7 Qg3 41. Qd2 Qxh4 42. Rg1 Qf2 43. Re1 h4 44. Rh1 Qf1+ 45. Qe1 h3 46. Kb1 Rc8 47. Bxa3 Rc6 48. Bc1 Re6 49. Bd2 Re4 50. Kb2 Qxe1 51. Bxe1 Rf4 52. Rxh3 Rf1 53. Bd2 e1Q 54. Bxe1 Rxe1 55. Rg3 Re5 56. Rg2 Kf8 57. Rh2 Kg8 58. Rh6 Rxg5 0-1

[Event "Dortmund3"]
[Site "Dortmund"]
[Date "2001.06.13"]
[Round "10"]
[White "Dekhtyaryuk, Dimitri"]
[Black "Gegner, Michael"]
[Result "1-0"]
[WhiteElo "1680"]
[BlackElo "1616"]
[PlyCount "37"]
[EventDate "2001.04.27"]
[EventType "tourn"]
[EventRounds "11"]
[EventCountry "GER"]
[SourceTitle "EXT 2007"]
[Source "ChessBase"]
[SourceDate "2006.11.23"]
[SourceVersion "1"]
[SourceVersionDate "2006.11.23"]
[SourceQuality "1"]

1. e4 e6 2. Nf3 d5 3. exd5 exd5 4. d4 Nf6 5. Nc3 c6 6. Bg5 Bd6 7. Qd2 Bf5 8. 0-0-0 Nbd7 9. Re1+ Be7 10. Bd3 Bxd3 11. Qxd3 0-0 12. h4 h5 13. Ne5 Re8 14. Qg3 Rc8 15. Bh6 Ng4 16. Nxg4 gxh6 17. Nf6+ Kh8 18. Nxe8 Qxe8 19. Qe3 1-0

[Event "Dortmund3"]
[Site "Dortmund"]
[Date "2001.05.18"]
[Round "5"]
[White "Dekhtyaryuk, Dimitri"]
[Black "Kurmann, Thomas"]
[Result "0-1"]
[WhiteElo "1680"]
[BlackElo "1798"]
[PlyCount "40"]
[EventDate "2001.04.27"]
[EventType "tourn"]
[EventRounds "11"]
[EventCountry "GER"]
[SourceTitle "EXT 2007"]
[Source "ChessBase"]
[SourceDate "2006.11.23"]
[SourceVersion "1"]
[SourceVersionDate "2006.11.23"]
[SourceQuality "1"]

1. e4 e5 2. f4 exf4 3. Nf3 d5 4. exd5 Nf6 5. d4 Nxd5 6. Bc4 Qe7+ 7. Qe2 Ne3 8. Bxe3 fxe3 9. 0-0 Bg4 10. Nc3 c6 11. d5 b5 12. d6 Qxd6 13. Bxf7+ Ke7 14. Rad1 Qh6 15. Rd3 Nd7 16. Rxe3+ Kd6 17. Rd1+ Kc7 18. Be8 Bc5 19. Rxd7+ Bxd7 20. Nd1 Rhxe8 0-1

[Event "Dortmund ABC Besserkoenner 14th"]
[Site "Dortmund"]
[Date "2000.11.08"]
[Round "6"]
[White "Borchert, Eckhardt"]
[Black "Dekhtyaryuk, Dimitri"]
[Result "0-1"]
[WhiteElo "1695"]
[BlackElo "1651"]
[PlyCount "78"]
[EventDate "2000.??.??"]
[EventType "tourn"]
[EventRounds "11"]
[EventCountry "GER"]
[SourceTitle "EXT 2003"]
[Source "ChessBase"]
[SourceDate "2002.11.25"]
[SourceVersion "1"]
[SourceVersionDate "2002.11.25"]
[SourceQuality "1"]

1. d4 c5 2. e3 cxd4 3. exd4 d6 4. f4 Nf6 5. Nf3 g6 6. Bd3 Bg7 7. c3 0-0 8. 0-0 Nc6 9. Nbd2 Nd5 10. Nc4 b5 11. Na3 a6 12. Be4 Be6 13. Qe2 b4 14. c4 Nxd4 15. Nxd4 Bxd4+ 16. Kh1 bxa3 17. cxd5 Bd7 18. Qd2 axb2 19. Bxb2 Bxb2 20. Qxb2 Bb5 21. Rf3 Rb8 22. Qd2 Qd7 23. Rc3 Rfc8 24. Rac1 Qb7 25. g4 Bd7 26. f5 Rxc3 27. Rxc3 Rc8 28. h4 Rxc3 29. Qxc3 Qb5 30. Qd3 Qxd3 31. Bxd3 Bb5 32. Be4 gxf5 33. gxf5 Kg7 34. Kg2 Kf6 35. Kf3 Ke5 36. f6 Kxf6 37. Bxh7 Bc4 38. Be4 Bxa2 39. h5 Kg5 0-1